000 01051nas a2200313 4500
001 BR8802293
003 BR-BrBNA
005 20231205091116.0
007 ta
008 230509b bl.|||p| |||| 00| 00por d
040 _aBR-BrBNA
_bpor
_cBiblioteca Nacional de Agricultura
041 _a(Pt)
072 _aL72; L73
100 1 _aFenerich, F.L.
100 1 _aOliveira, S.M. de
100 1 _aRodrigues, F.M.
100 1 _aVianna, W. de O.
245 1 _aVariacao estacional das populacoes de larvas de nematodeos gastrintestinais de bovinos na regiao de Campinas, Sao Paulo
246 1 _aSeasonal variation of the gastrointestinal nematode larvae of bovine cattle in the region of Campinas, Brazil
650 _aBOVINO
650 _aHELMINTO
650 _aNEMATOIDE
650 _aVERMINOSE
650 _aVARIACAO SAZONAL
650 _aSAO PAULO
773 0 _tPesquisa Agropecuaria Brasileira (Brazil)
_xISSN 0100-204X
_g(May 1987), v. 22(5) p. 505-511
_wBR8802293
909 _a202311
_bLúcia
_c55
_dLúcia Elande
942 _2AGRIS
_n0
_cANA
999 _c122833
_d122833